<?xml version="1.0" encoding="UTF-8"?>
<record
    xmlns:xsi="http://www.w3.org/2001/XMLSchema-instance"
    xsi:schemaLocation="http://www.loc.gov/MARC21/slim http://www.loc.gov/standards/marcxml/schema/MARC21slim.xsd"
    xmlns="http://www.loc.gov/MARC21/slim">

  <leader>01007nam a2200205 a 4500</leader>
  <controlfield tag="001">000011460</controlfield>
  <controlfield tag="005">20240412074226.0</controlfield>
  <controlfield tag="008">091019s2000    dr            000 d spa d</controlfield>
  <datafield tag="020" ind1=" " ind2=" ">
    <subfield code="a">9993450030</subfield>
  </datafield>
  <datafield tag="040" ind1=" " ind2=" ">
    <subfield code="a">DO-SdBNP</subfield>
    <subfield code="b">spa</subfield>
    <subfield code="c">BNPHU</subfield>
  </datafield>
  <datafield tag="082" ind1=" " ind2=" ">
    <subfield code="a">RD862.44</subfield>
    <subfield code="b">P925t</subfield>
  </datafield>
  <datafield tag="245" ind1="0" ind2="0">
    <subfield code="a">Premios de teatro 1999 /.</subfield>
  </datafield>
  <datafield tag="260" ind1=" " ind2=" ">
    <subfield code="a">Santo Domingo :</subfield>
    <subfield code="b">Grupo Le&#xF3;n Jim&#xE9;nez</subfield>
    <subfield code="b">Editora Taller,</subfield>
    <subfield code="c">2000.</subfield>
  </datafield>
  <datafield tag="300" ind1=" " ind2=" ">
    <subfield code="a">401 p. ;</subfield>
    <subfield code="c">20 cm.</subfield>
  </datafield>
  <datafield tag="505" ind1="0" ind2=" ">
    <subfield code="a">El Barbero de Saint Ann Street / Frank Disla, pseud&#xF3;nimo: Vasco de Quiroja -- Un nuevo sol nacer&#xE1; cuando todo termine / Efra&#xED;n Castillo, pseud&#xF3;nimo: Amberson P&#xE9;rez -- Desayuno en rojo chino / Lenin Compr&#xE9;s, pseud&#xF3;nimo: Xor -- Chinchorro / Gyana Elizabeth Tejada, pseud&#xF3;nimo: "Rosita X" -- La danza del crep&#xFA;sculo / Angelo Valenzuela, pseud&#xF3;nimo: Un tipo raro -- La mercanc&#xED;a / Aquiles Juli&#xE1;n, pseud&#xF3;nimo: Maigret.</subfield>
  </datafield>
  <datafield tag="650" ind1=" " ind2="4">
    <subfield code="a">Teatro dominicano</subfield>
    <subfield code="x">Colecciones</subfield>
    <subfield code="9">21852</subfield>
  </datafield>
  <datafield tag="650" ind1=" " ind2="0">
    <subfield code="a">Literatura dominicana.</subfield>
    <subfield code="9">67</subfield>
  </datafield>
  <datafield tag="710" ind1="1" ind2=" ">
    <subfield code="a">Casa de Teatro</subfield>
    <subfield code="9">27143</subfield>
  </datafield>
  <datafield tag="049" ind1=" " ind2=" ">
    <subfield code="a">BNPD</subfield>
  </datafield>
  <datafield tag="952" ind1=" " ind2=" ">
    <subfield code="0">0</subfield>
    <subfield code="1">0</subfield>
    <subfield code="7">-1</subfield>
    <subfield code="8">PD</subfield>
    <subfield code="a">PD</subfield>
    <subfield code="b">PD</subfield>
    <subfield code="c">OI</subfield>
    <subfield code="d">2009-10-19</subfield>
    <subfield code="i">LF1</subfield>
    <subfield code="l">0</subfield>
    <subfield code="o">RD862.44 P925t</subfield>
    <subfield code="p">11460-10</subfield>
    <subfield code="r">2020-06-25</subfield>
    <subfield code="w">2020-06-25</subfield>
    <subfield code="y">LFPD</subfield>
    <subfield code="Z">No se presta</subfield>
  </datafield>
  <datafield tag="999" ind1=" " ind2=" ">
    <subfield code="c">11161</subfield>
    <subfield code="d">11161</subfield>
  </datafield>
</record>
